Friends Character A-Z Quiz Stats

 Plays Quiz not verified by Sporcle

Also try: Laughing on TV
Challenge
Share
Tweet
Embed
Score 0/20 Timer 15:00
0 Plays Today
% Correct
Amy
82.7%
Chandler
82.7%
Ben
68.2%
David
54.5%
Gunther
47.3%
Joey
42.7%
Kathy
28.2%
Heckles
22.7%
Frank JrJr
21.8%
Elizabeth
19.1%
% Correct
Nora
19.1%
Zelner
18.2%
Isaac
15.5%
Leslie
15.5%
Mike
12.7%
Ross
12.7%
Susan
10.9%
Ursula
10%
Tag
8.2%
Will
8.2%

You're not logged in!

Compare scores with friends on all Sporcle quizzes.
Join for Free
OR
Log In

You Might Also Like...

Show Comments

Extras

Top Quizzes Today


Score Distribution

Your Account Isn't Verified!

In order to create a playlist on Sporcle, you need to verify the email address you used during registration. Go to your Sporcle Settings to finish the process.

Report this User

Report this user for behavior that violates our Community Guidelines.

Details: